[Event "HUN-chT2 Asztalos 2223"]
[Site "Hungary"]
[Date "2023.04.23"]
[Round "9.2"]
[White "Albrecht, Gabor"]
[Black "Haszon, David"]
[Result "1-0"]
[WhiteElo "2115"]
[BlackElo "2283"]
[PlyCount "131"]
[EventDate "2022.11.20"]
[EventType "team-tourn"]
[EventRounds "10"]
[EventCountry "HUN"]
[SourceTitle "EXT 2025"]
[Source "ChessBase"]
[SourceDate "2024.10.14"]
[SourceVersion "1"]
[SourceVersionDate "2024.10.14"]
[SourceQuality "1"]
[WhiteTeam "Fehervar"]
[BlackTeam "Marcali"]
[WhiteTeamCountry "HUN"]
[BlackTeamCountry "HUN"]

1. e4 c5 2. Nf3 e6 3. d4 cxd4 4. Nxd4 Nf6 5. Nc3 Nc6 6. Ndb5 Bc5 7. Bf4 0-0 8. e5 Ne8 9. Ne4 Be7 10. c3 a6 11. Nbd6 f5 12. exf6 Nxf6 13. Nxf6+ Bxf6 14. Bd3 g6 15. Qd2 Be5 16. Bxe5 Nxe5 17. Bc2 Nf7 18. 0-0-0 Nxd6 19. Qxd6 Qf6 20. f3 a5 21. h4 Qf4+ 22. Qxf4 Rxf4 23. Rd6 Ra6 24. Rxa6 bxa6 25. h5 Kg7 26. Kd2 d5 27. Ke3 Rc4 28. Bd3 Rc6 29. Kd4 Rb6 30. b3 Bd7 31. hxg6 hxg6 32. f4 a4 33. Bc2 a5 34. Re1 Rc6 35. Re3 axb3 36. axb3 a4 37. bxa4 Kf6 38. Bd3 Rc8 39. a5 Ra8 40. a6 Bc8 41. Bb5 Ke7 42. c4 Bxa6 43. Bc6 Rf8 44. cxd5 Rxf4+ 45. Kc5 Rc4+ 46. Kb6 Bc8 47. Kc7 Kf6 48. Kxc8 exd5 49. Kd7 d4 50. Re4 Kf5 51. g4+ Kg5 52. Kd6 Rc1 53. Rxd4 Re1 54. Bd7 Re3 55. Be6 Ra3 56. Rd5+ Kf6 57. g5+ Kg7 58. Ke7 Ra7+ 59. Rd7 Ra6 60. Ke8+ Kh8 61. Kf7 Ra5 62. Kf6 Rc5 63. Rd8+ Kh7 64. Bg8+ Kh8 65. Bf7+ Kh7 66. Bxg6# 1-0

[Event "HUN-chT2 Asztalos 2223"]
[Site "Hungary"]
[Date "2023.03.26"]
[Round "8.1"]
[White "Albrecht, Gabor"]
[Black "Matko, Ognjen"]
[Result "0-1"]
[WhiteElo "2119"]
[BlackElo "2311"]
[PlyCount "56"]
[EventDate "2022.11.20"]
[EventType "team-tourn"]
[EventRounds "10"]
[EventCountry "HUN"]
[SourceTitle "EXT 2025"]
[Source "ChessBase"]
[SourceDate "2024.10.14"]
[SourceVersion "1"]
[SourceVersionDate "2024.10.14"]
[SourceQuality "1"]
[WhiteTeam "Fehervar"]
[BlackTeam "Nagyatad"]
[WhiteTeamCountry "HUN"]
[BlackTeamCountry "HUN"]

1. e4 c5 2. Nf3 e6 3. d4 cxd4 4. Nxd4 Nc6 5. Nc3 d6 6. Be3 Nf6 7. Be2 Be7 8. 0-0 0-0 9. f4 Bd7 10. Nb3 a5 11. Bf3 a4 12. Nd2 a3 13. Nc4 axb2 14. Rb1 d5 15. exd5 exd5 16. Bb6 Qc8 17. Nxd5 Nxd5 18. Bxd5 Nb4 19. f5 Bxf5 20. Ne3 Bc5 21. Bxb7 Bxb6 22. Bxc8 Bxe3+ 23. Kh1 Bxc2 24. Bb7 Bxd1 25. Bxa8 Rxa8 26. Rxb2 Nd3 27. Rb7 Nf2+ 28. Kg1 Be2 0-1

[Event "HUN-chT2 Asztalos 2223"]
[Site "Hungary"]
[Date "2022.12.18"]
[Round "3.2"]
[White "Albrecht, Gabor"]
[Black "Birkas, Gyorgy"]
[Result "1/2-1/2"]
[WhiteElo "2119"]
[BlackElo "1990"]
[PlyCount "129"]
[EventDate "2022.11.20"]
[EventType "team-tourn"]
[EventRounds "10"]
[EventCountry "HUN"]
[SourceTitle "EXT 2025"]
[Source "ChessBase"]
[SourceDate "2024.10.14"]
[SourceVersion "1"]
[SourceVersionDate "2024.10.14"]
[SourceQuality "1"]
[WhiteTeam "Fehervar"]
[BlackTeam "Kaposvar Bastya"]
[WhiteTeamCountry "HUN"]
[BlackTeamCountry "HUN"]

1. e4 d6 2. d4 Nf6 3. Nc3 g6 4. f3 Bg7 5. Be3 0-0 6. Qd2 c6 7. Bh6 b5 8. Bd3 Qc7 9. 0-0-0 e5 10. Nce2 a5 11. g4 Na6 12. h4 Nb4 13. Bxg7 Kxg7 14. h5 Nxa2+ 15. Kb1 Nb4 16. hxg6 fxg6 17. Ng3 Nxd3 18. Qh6+ Kg8 19. Rxd3 Bxg4 20. Qg5 Be6 21. Nf5 Rae8 22. Ne2 Bxf5 23. exf5 Qg7 24. Rg1 Kh8 25. Qh4 e4 26. fxe4 Rxe4 27. Nf4 Kg8 28. Qh2 Rfe8 29. Qf2 g5 30. Ne6 Ng4 31. Nxg7 Nxf2 32. Nxe8 Rxe8 33. Rxg5+ Kf7 34. Rf3 Ne4 35. Rg2 c5 36. dxc5 dxc5 37. Rh3 Nf6 38. Rhg3 Nh5 39. Rg5 Nf4 40. Rh2 Kf6 41. Rg1 h5 42. Rh4 Ne2 43. Rg2 c4 44. c3 Re3 45. Rxh5 Ng3 46. Rh6+ Kxf5 47. Rb6 b4 48. cxb4 axb4 49. Rxb4 c3 50. Rb3 Ne2 51. Rxe2 Rxe2 52. Rxc3 Ke5 53. Ka2 Kd4 54. Ka3 Re6 55. Rc7 Ra6+ 56. Kb3 Rb6+ 57. Ka2 Ra6+ 58. Kb1 Rb6 59. Kc2 Kd5 60. Kc3 Kd6 61. Rc8 Kd7 62. Rc4 Kd6 63. b4 Rc6 64. b5 Rxc4+ 65. Kxc4 1/2-1/2

[Event "HUN-chT2 Breyer 2122"]
[Site "Hungary"]
[Date "2022.02.13"]
[Round "6.2"]
[White "Albrecht, Gabor"]
[Black "Juhasz, Mark"]
[Result "1/2-1/2"]
[WhiteElo "2108"]
[BlackElo "2102"]
[PlyCount "65"]
[EventDate "2021.10.10"]
[EventType "team-tourn"]
[EventRounds "9"]
[EventCountry "HUN"]
[SourceTitle "EXT 2025"]
[Source "ChessBase"]
[SourceDate "2024.10.14"]
[SourceVersion "1"]
[SourceVersionDate "2024.10.14"]
[SourceQuality "1"]
[WhiteTeam "Fehervar"]
[BlackTeam "Zsambek"]
[WhiteTeamCountry "HUN"]
[BlackTeamCountry "HUN"]

1. e4 c5 2. Nf3 Nc6 3. d4 cxd4 4. Nxd4 Nf6 5. Nc3 e5 6. Ndb5 d6 7. Bg5 a6 8. Na3 b5 9. Nd5 Be7 10. Bxf6 Bxf6 11. c3 0-0 12. Nc2 Rb8 13. a4 bxa4 14. Ncb4 Nxb4 15. Nxb4 Bb7 16. Qxa4 a5 17. Qxa5 Bxe4 18. Qxd8 Rfxd8 19. f3 Ba8 20. Ra7 Bh4+ 21. Kd2 d5 22. Kc2 Kf8 23. Bd3 Bf2 24. Ra6 e4 25. fxe4 dxe4 26. Bc4 Rbc8 27. Rxa8 Rxa8 28. Bd5 Rac8 29. Bxe4 Rd4 30. Bf5 Rc7 31. Na6 Rc6 32. Nb8 Rc7 33. Na6 1/2-1/2

[Event "HUN-chT2 Breyer 2122"]
[Site "Hungary"]
[Date "2021.12.19"]
[Round "4.2"]
[White "Albrecht, Gabor"]
[Black "Erdos, Boglarka"]
[Result "1/2-1/2"]
[WhiteElo "2108"]
[BlackElo "2157"]
[PlyCount "94"]
[EventDate "2021.10.10"]
[EventType "team-tourn"]
[EventRounds "9"]
[EventCountry "HUN"]
[SourceTitle "EXT 2025"]
[Source "ChessBase"]
[SourceDate "2024.10.14"]
[SourceVersion "1"]
[SourceVersionDate "2024.10.14"]
[SourceQuality "1"]
[WhiteTeam "Fehervar"]
[BlackTeam "Biatorbagy II"]
[WhiteTeamCountry "HUN"]
[BlackTeamCountry "HUN"]

1. e4 e5 2. Nf3 Nc6 3. Bb5 a6 4. Ba4 Nf6 5. 0-0 Be7 6. Re1 b5 7. Bb3 0-0 8. d4 d6 9. c3 Bg4 10. Be3 exd4 11. cxd4 Na5 12. Bc2 c5 13. b3 cxd4 14. Bxd4 Nc6 15. Bc3 Rc8 16. Qd3 Qc7 17. a3 Ne5 18. Nxe5 dxe5 19. Qg3 Be6 20. Ra2 Bc5 21. Bd1 Bd4 22. Bxd4 exd4 23. e5 Nd5 24. Nd2 Nc3 25. Ra1 Rfd8 26. Qd3 g6 27. Nf3 Bf5 28. Qd2 Ne4 29. Qf4 Qc3 30. Ra2 Nc5 31. Rd2 Ne6 32. Qh4 a5 33. g4 Bb1 34. Qf6 d3 35. h4 Bc2 36. h5 Rd4 37. Nxd4 Qxd4 38. h6 Bxd1 39. Rexd1 Qxg4+ 40. Kf1 Qh3+ 41. Kg1 Rd8 42. f3 Qxh6 43. Rxd3 Rxd3 44. Rxd3 Qc1+ 45. Kf2 Qc2+ 46. Ke3 Qc1+ 47. Kf2 Qc2+ 1/2-1/2

[Event "HUN-chT2 Breyer 2122"]
[Site "Hungary"]
[Date "2021.10.31"]
[Round "2.2"]
[White "Ikanov, Imre"]
[Black "Albrecht, Gabor"]
[Result "1/2-1/2"]
[WhiteElo "1997"]
[BlackElo "2108"]
[PlyCount "86"]
[EventDate "2021.10.10"]
[EventType "team-tourn"]
[EventRounds "9"]
[EventCountry "HUN"]
[SourceTitle "EXT 2025"]
[Source "ChessBase"]
[SourceDate "2024.10.14"]
[SourceVersion "1"]
[SourceVersionDate "2024.10.14"]
[SourceQuality "1"]
[WhiteTeam "Nyergesujfalu"]
[BlackTeam "Fehervar"]
[WhiteTeamCountry "HUN"]
[BlackTeamCountry "HUN"]

1. e4 c5 2. Nc3 Nc6 3. f4 g6 4. Nf3 Bg7 5. Bc4 e6 6. d3 Nge7 7. a3 d5 8. Ba2 dxe4 9. Nxe4 b6 10. 0-0 0-0 11. Qe2 Nf5 12. c3 Bb7 13. Be3 Qc7 14. Rad1 Nxe3 15. Qxe3 Ne7 16. Nfg5 Bd5 17. Bxd5 Nxd5 18. Qf3 h6 19. Nh3 Rad8 20. Rf2 f5 21. Ng3 e5 22. fxe5 Bxe5 23. Nf1 Nf6 24. Re2 Ng4 25. g3 Rfe8 26. Nf2 Nf6 27. Rde1 Kg7 28. Ne3 Bd6 29. Nc4 Rxe2 30. Rxe2 b5 31. Nxd6 Rxd6 32. Qe3 Rd7 33. Qe5 Qc6 34. Qe6 Qd5 35. Re5 Qxe6 36. Rxe6 Rc7 37. Re5 Kf7 38. Kf1 Nd7 39. Re2 Nb6 40. Nd1 Rd7 41. Re3 Kf6 42. Ke2 g5 43. Re8 Re7+ 1/2-1/2

[Event "HUN-chT2 Breyer 1819"]
[Site "Hungary"]
[Date "2019.02.24"]
[Round "6.4"]
[White "Kovacs, David"]
[Black "Albrecht, Gabor"]
[Result "1-0"]
[WhiteElo "2199"]
[BlackElo "2098"]
[PlyCount "107"]
[EventDate "2018.10.28"]
[EventType "team-tourn"]
[EventRounds "9"]
[EventCountry "HUN"]
[SourceTitle "CBM 189 Extra"]
[Source "ChessBase"]
[SourceDate "2019.05.31"]
[SourceVersion "1"]
[SourceVersionDate "2019.05.31"]
[SourceQuality "1"]
[WhiteTeam "Naszaly Geniusz Tata"]
[BlackTeam "Szekesfehervar"]
[WhiteTeamCountry "HUN"]
[BlackTeamCountry "HUN"]

1. e4 c5 2. Nf3 e6 3. d4 cxd4 4. Nxd4 a6 5. Bd3 Qb6 6. Nb3 Qc7 7. 0-0 d6 8. c4 Nf6 9. Nc3 Nbd7 10. f4 Be7 11. Be3 b6 12. Rc1 Bb7 13. Nd2 0-0 14. b4 Rfc8 15. a3 Qd8 16. Kh1 Rab8 17. Qe2 Ba8 18. Bf2 g6 19. Bb1 Nh5 20. Be3 b5 21. cxb5 Bf6 22. Qd3 Bxc3 23. Rxc3 Rxc3 24. Qxc3 axb5 25. Rc1 d5 26. Ba7 Rb7 27. Qc8 Qf8 28. Be3 Nb8 29. Nb3 Nf6 30. Na5 Re7 31. Qxf8+ Kxf8 32. Bc5 dxe4 33. Bd6 Ke8 34. Bxb8 Bd5 35. Be5 Ng4 36. Rc8+ Kd7 37. Rc7+ Kd8 38. Rxe7 Kxe7 39. Bd4 e3 40. Kg1 e5 41. fxe5 e2 42. Bc3 Nxe5 43. h3 f5 44. Kf2 Nf7 45. g3 Ke6 46. Kxe2 g5 47. Bc2 h5 48. Nb3 Bc4+ 49. Ke3 Nd6 50. Nd4+ Kd5 51. Nxf5 Bf1 52. Nxd6 Kxd6 53. h4 gxh4 54. gxh4 1-0

[Event "HUN-chT2 Breyer 1819"]
[Site "Hungary"]
[Date "2019.01.27"]
[Round "4.5"]
[White "Albrecht, Gabor"]
[Black "Emmer, Adam"]
[Result "1/2-1/2"]
[WhiteElo "2098"]
[BlackElo "1894"]
[PlyCount "86"]
[EventDate "2018.10.28"]
[EventType "team-tourn"]
[EventRounds "9"]
[EventCountry "HUN"]
[SourceTitle "CBM 189 Extra"]
[Source "ChessBase"]
[SourceDate "2019.05.31"]
[SourceVersion "1"]
[SourceVersionDate "2019.05.31"]
[SourceQuality "1"]
[WhiteTeam "Szekesfehervar"]
[BlackTeam "Paty"]
[WhiteTeamCountry "HUN"]
[BlackTeamCountry "HUN"]

1. e4 d6 2. d4 Nf6 3. Nc3 g6 4. f3 Bg7 5. Be3 c6 6. Qd2 Nbd7 7. 0-0-0 Qc7 8. Kb1 h5 9. h4 b5 10. Bd3 Nb6 11. e5 Nfd5 12. exd6 Qxd6 13. Nxd5 Nxd5 14. Bg5 Be6 15. Ne2 a5 16. c3 a4 17. Rhe1 0-0 18. Bh6 Kh7 19. Bxg7 Kxg7 20. Rg1 Nb6 21. Nf4 Bc4 22. g4 Bxd3+ 23. Nxd3 hxg4 24. Rxg4 Rh8 25. Re1 Nd5 26. Ne5 Rh5 27. Qd3 Kf8 28. Reg1 Nf6 29. Nxf7 Kxf7 30. Qxg6+ Ke6 31. Rg5 Rxg5 32. hxg5 Rg8 33. Re1+ Kd7 34. Qf5+ Kc7 35. gxf6 Qxf6 36. Qc5 Rg7 37. d5 Qf5+ 38. Ka1 Qxd5 39. Rxe7+ Rxe7 40. Qxe7+ Kc8 41. Qf8+ Kc7 42. Qg7+ Kc8 43. Qg4+ Kb7 1/2-1/2

[Event "HUN-chT2 Breyer 1718"]
[Site "Hungary"]
[Date "2017.10.29"]
[Round "3.5"]
[White "Adam, Olga"]
[Black "Albrecht, Gabor"]
[Result "0-1"]
[WhiteElo "1868"]
[BlackElo "2067"]
[PlyCount "48"]
[EventDate "2017.09.24"]
[EventType "team-tourn"]
[EventRounds "11"]
[EventCountry "HUN"]
[SourceTitle "EXT 2021"]
[Source "ChessBase"]
[SourceDate "2020.10.23"]
[SourceVersion "1"]
[SourceVersionDate "2020.10.23"]
[SourceQuality "1"]
[WhiteTeam "Esztergom"]
[BlackTeam "Szekesfehervar"]
[WhiteTeamCountry "HUN"]
[BlackTeamCountry "HUN"]

1. e4 c5 2. Nf3 e6 3. d3 Nc6 4. g3 Nf6 5. Bg2 d5 6. Nbd2 Qc7 7. 0-0 Be7 8. Re1 0-0 9. e5 Nd7 10. Qe2 b5 11. Nf1 a5 12. h4 Ba6 13. N1h2 Rac8 14. Bg5 Bxg5 15. hxg5 b4 16. Ng4 Rfd8 17. Qd2 Nf8 18. Nf6+ Kh8 19. Qf4 Ng6 20. Qg4 Ncxe5 21. Qh5 Nxf3+ 22. Bxf3 gxf6 23. gxf6 Rg8 24. Kg2 Nf4+ 0-1

[Event "HUN-chT2 Asztalos 1516"]
[Site "Hungary"]
[Date "2016.04.17"]
[Round "11.4"]
[White "Nemeth, Antal"]
[Black "Albrecht, Gabor"]
[Result "1/2-1/2"]
[WhiteElo "2281"]
[BlackElo "2065"]
[PlyCount "33"]
[EventDate "2015.09.13"]
[EventType "team-tourn"]
[EventRounds "11"]
[EventCountry "HUN"]
[SourceTitle "EXT 2017"]
[Source "ChessBase"]
[SourceDate "2016.10.25"]
[SourceVersion "1"]
[SourceVersionDate "2016.10.25"]
[SourceQuality "1"]
[WhiteTeam "Baja Spartacus"]
[BlackTeam "Fehervar"]
[WhiteTeamCountry "HUN"]
[BlackTeamCountry "HUN"]

1. Nf3 d5 2. g3 Nf6 3. Bg2 Bf5 4. d4 e6 5. 0-0 Be7 6. c4 0-0 7. Nc3 c6 8. Nd2 Nbd7 9. b3 e5 10. dxe5 Nxe5 11. cxd5 Nxd5 12. Nxd5 cxd5 13. Bb2 Bf6 14. Kh1 Rc8 15. Rc1 Qa5 16. Rxc8 Rxc8 17. Bxe5 1/2-1/2

[Event "HUN-chT2 Asztalos 1314"]
[Site "Hungary"]
[Date "2013.09.22"]
[Round "2"]
[White "Albrecht, Gabor"]
[Black "Heinrich, Ferenc"]
[Result "1/2-1/2"]
[WhiteElo "2048"]
[BlackElo "1970"]
[PlyCount "46"]
[EventDate "2013.09.08"]
[EventType "team-tourn"]
[EventRounds "9"]
[EventCountry "HUN"]
[SourceTitle "EXT 2016"]
[Source "ChessBase"]
[SourceDate "2015.10.08"]
[SourceVersion "1"]
[SourceVersionDate "2015.10.08"]
[SourceQuality "1"]
[WhiteTeam "Fehervar"]
[BlackTeam "Kaposvar Bastya"]
[WhiteTeamCountry "HUN"]
[BlackTeamCountry "HUN"]

1. e4 d5 2. exd5 Qxd5 3. Nc3 Qa5 4. d4 Bf5 5. Nf3 Nf6 6. Ne5 e6 7. Bd3 Bb4 8. Bxf5 exf5 9. Qf3 c6 10. 0-0 Bxc3 11. bxc3 0-0 12. Qxf5 Nbd7 13. Ng6 Qxf5 14. Ne7+ Kh8 15. Nxf5 Rfe8 16. Be3 Re6 17. c4 Nb6 18. Rab1 g6 19. Ng3 Nxc4 20. Rxb7 Kg7 21. Bg5 Nd5 22. f3 h6 23. Bc1 Ndb6 1/2-1/2

[Event "HUN-chT2 Charousek 1213"]
[Site "Hungary"]
[Date "2013.03.24"]
[Round "9"]
[White "Albrecht, Gabor"]
[Black "Bartha, Sandor"]
[Result "1-0"]
[WhiteElo "2098"]
[BlackElo "2169"]
[PlyCount "127"]
[EventDate "2012.09.16"]
[EventType "team-tourn"]
[EventRounds "11"]
[EventCountry "HUN"]
[SourceTitle "EXT 2014"]
[Source "ChessBase"]
[SourceDate "2013.11.20"]
[SourceVersion "1"]
[SourceVersionDate "2013.11.20"]
[SourceQuality "1"]
[WhiteTeam "Fehervar"]
[BlackTeam "Balatonfuered"]
[WhiteTeamCountry "HUN"]
[BlackTeamCountry "HUN"]

1. e4 c5 2. Nf3 d6 3. d4 cxd4 4. Nxd4 Nf6 5. Nc3 a6 6. Be2 e6 7. 0-0 Be7 8. f4 Qc7 9. a4 0-0 10. Kh1 Nc6 11. Be3 Bd7 12. Nb3 Nb4 13. Bf3 Bc6 14. Qe2 d5 15. e5 Nd7 16. Bd4 Nb6 17. g4 Bd7 18. Qf2 Nc4 19. Bg2 Nc6 20. Rae1 Nxd4 21. Qxd4 Rac8 22. f5 Bh4 23. Re2 Bg5 24. Rf3 Qb6 25. Qxb6 Nxb6 26. Nd4 Be7 27. fxe6 fxe6 28. Ref2 Rxf3 29. Rxf3 Bc5 30. Nce2 Nxa4 31. b3 Nc3 32. Rf1 Nxe2 33. Nxe2 Bb4 34. Nf4 Rc5 35. Nd3 Rb5 36. c4 dxc4 37. bxc4 Rb6 38. Rb1 a5 39. Be4 g6 40. Kg2 Bc6 41. Kf3 Bc5 42. Rd1 Be7 43. Ra1 Rb3 44. Bxc6 bxc6 45. Ke4 Ra3 46. Rxa3 Bxa3 47. c5 h5 48. g5 a4 49. Kd4 Bb2+ 50. Kc4 a3 51. Kb3 Bd4 52. Kxa3 h4 53. Kb4 Be3 54. Ka5 Bxg5 55. Kb6 Be7 56. Kxc6 g5 57. Kd7 Bxc5 58. Nxc5 g4 59. Ne4 Kf7 60. Kd6 Kg6 61. Kxe6 g3 62. hxg3 h3 63. Nf2 h2 64. Kd6 1-0

[Event "HUN-chT2 Charousek 1213"]
[Site "Hungary"]
[Date "2013.01.27"]
[Round "6"]
[White "Horvath, Tamas3"]
[Black "Albrecht, Gabor"]
[Result "1-0"]
[WhiteElo "2182"]
[BlackElo "2098"]
[PlyCount "91"]
[EventDate "2012.09.16"]
[EventType "team-tourn"]
[EventRounds "11"]
[EventCountry "HUN"]
[SourceTitle "EXT 2014"]
[Source "ChessBase"]
[SourceDate "2013.11.20"]
[SourceVersion "1"]
[SourceVersionDate "2013.11.20"]
[SourceQuality "1"]
[WhiteTeam "Gyor"]
[BlackTeam "Fehervar"]
[WhiteTeamCountry "HUN"]
[BlackTeamCountry "HUN"]

1. d4 d5 2. Nf3 Nf6 3. c4 e6 4. g3 Be7 5. Bg2 0-0 6. 0-0 c6 7. Qc2 Nbd7 8. Rd1 b6 9. b3 Bb7 10. Nc3 Rc8 11. e4 Ba6 12. e5 Ne8 13. Bb2 Nc7 14. h4 h6 15. Ne2 c5 16. dxc5 Bxc5 17. Nf4 Qe7 18. a3 b5 19. b4 bxc4 20. bxc5 Nxc5 21. Nd4 Nb5 22. Nxb5 Bxb5 23. a4 Ba6 24. Ba3 Qc7 25. Bb2 Nb3 26. Ra3 Rfd8 27. Ne2 Qc5 28. Nd4 Nxd4 29. Rxd4 Rb8 30. Rf3 Rd7 31. Bh3 Rdb7 32. Bc3 Rb1+ 33. Kg2 R8b7 34. Rdf4 Qc6 35. Bd4 R1b3 36. Rxf7 Rxf7 37. Rxb3 Bb7 38. Rf3 Rxf3 39. Kxf3 Qe8 40. Kg2 Bc6 41. a5 a6 42. f4 Bd7 43. f5 exf5 44. Bxf5 Ba4 45. Bh7+ Kh8 46. Qf5 1-0

[Event "HUN-chT2 Charousek 1213"]
[Site "Hungary"]
[Date "2012.10.07"]
[Round "2"]
[White "Kaczur, Florian"]
[Black "Albrecht, Gabor"]
[Result "1-0"]
[WhiteElo "2169"]
[BlackElo "2098"]
[PlyCount "131"]
[EventDate "2012.09.16"]
[EventType "team-tourn"]
[EventRounds "11"]
[EventCountry "HUN"]
[SourceTitle "EXT 2014"]
[Source "ChessBase"]
[SourceDate "2013.11.20"]
[SourceVersion "1"]
[SourceVersionDate "2013.11.20"]
[SourceQuality "1"]
[WhiteTeam "Paks II"]
[BlackTeam "Fehervar"]
[WhiteTeamCountry "HUN"]
[BlackTeamCountry "HUN"]

1. d4 d5 2. c4 e6 3. Nc3 Be7 4. Nf3 Nf6 5. Bg5 h6 6. Bh4 0-0 7. e3 b6 8. cxd5 Nxd5 9. Bxe7 Qxe7 10. Nxd5 exd5 11. Rc1 Be6 12. Qa4 c5 13. Bb5 Rc8 14. Qa3 Qb7 15. 0-0 c4 16. Qc3 Bf5 17. Ba4 b5 18. Bc2 b4 19. Qd2 Bxc2 20. Qxc2 Nd7 21. Nd2 Nf6 22. Rfe1 a5 23. f3 Qb6 24. Nf1 Ne8 25. Qf2 Rd8 26. Rcd1 Nc7 27. Ng3 Ne6 28. Nf5 Kh7 29. e4 Qa7 30. e5 Rab8 31. Nd6 Nf4 32. Qe3 Nd3 33. Rxd3 cxd3 34. Qxd3+ Kg8 35. Rc1 Rd7 36. Rc5 Qa8 37. Qb3 a4 38. Qxd5 Qxd5 39. Rxd5 Rc7 40. Rc5 Rxc5 41. dxc5 Ra8 42. c6 Ra7 43. Nb5 Ra6 44. Nd4 Kf8 45. c7 Ra8 46. Nb5 Rc8 47. Kf2 Ke7 48. Ke3 Kd7 49. Kd4 Ra8 50. Kc5 b3 51. a3 h5 52. f4 g5 53. g3 Ra6 54. Kb4 h4 55. gxh4 Ra8 56. Kc5 Ra6 57. f5 Rc6+ 58. Kd5 Rc2 59. e6+ fxe6+ 60. fxe6+ Ke7 61. Nc3 Rxc3 62. bxc3 b2 63. c8Q b1Q 64. Qc7+ Kf6 65. Qe5+ Kg6 66. Qe4+ 1-0

[Event "HUN-chT2 Charousek 1112"]
[Site "Hungary"]
[Date "2012.05.20"]
[Round "11"]
[White "Albrecht, Gabor"]
[Black "Szegi, Tamas"]
[Result "1-0"]
[WhiteElo "2105"]
[BlackElo "2246"]
[PlyCount "69"]
[EventDate "2011.09.25"]
[EventType "team-tourn"]
[EventRounds "11"]
[EventCountry "HUN"]
[SourceTitle "EXT 2016"]
[Source "ChessBase"]
[SourceDate "2015.10.08"]
[SourceVersion "1"]
[SourceVersionDate "2015.10.08"]
[SourceQuality "1"]
[WhiteTeam "Fehervar"]
[BlackTeam "Kisber Aszar"]
[WhiteTeamCountry "HUN"]
[BlackTeamCountry "HUN"]

1. e4 c5 2. Nf3 e6 3. d4 cxd4 4. Nxd4 Nf6 5. Nc3 d6 6. Be2 a6 7. 0-0 Be7 8. f4 Qc7 9. a4 Nc6 10. Be3 0-0 11. Kh1 Re8 12. Bf3 Rb8 13. Nb3 b6 14. Qe2 Na5 15. Nd2 Bf8 16. Qf2 b5 17. axb5 axb5 18. e5 b4 19. Ba7 bxc3 20. Bxb8 Qxb8 21. exf6 cxd2 22. Rxa5 Qxb2 23. fxg7 Bxg7 24. Qxd2 d5 25. Qd3 Qb4 26. Ra7 Qb6 27. Ra8 Qc6 28. Rb8 Rf8 29. Rfb1 Qd6 30. f5 Ba6 31. Rxf8+ Bxf8 32. Qe3 Bc4 33. Qg5+ Kh8 34. Qf6+ Kg8 35. Rb7 1-0

[Event "Fejer County-ch"]
[Site "Szekesfehervar"]
[Date "2012.03.16"]
[Round "3"]
[White "Banszegi, Attila"]
[Black "Albrecht, Gabor"]
[Result "1/2-1/2"]
[WhiteElo "1964"]
[BlackElo "2104"]
[PlyCount "94"]
[EventDate "2012.03.15"]
[EventType "swiss"]
[EventRounds "7"]
[EventCountry "HUN"]
[SourceTitle "EXT 2019"]
[Source "ChessBase"]
[SourceDate "2018.10.10"]
[SourceVersion "1"]
[SourceVersionDate "2018.10.10"]
[SourceQuality "1"]

1. e4 c5 2. Nf3 e6 3. g3 Nc6 4. Bg2 Nf6 5. d3 d5 6. e5 Nd7 7. Bf4 Be7 8. h4 b5 9. c3 a5 10. Na3 Ba6 11. Nc2 b4 12. 0-0 0-0 13. Re1 Rb8 14. Ne3 bxc3 15. bxc3 Qb6 16. Rc1 Qb2 17. Rc2 Qa3 18. Qd2 Rfd8 19. Ng4 d4 20. Ng5 Bb5 21. Qe2 Bxg5 22. hxg5 dxc3 23. Nf6+ Nxf6 24. gxf6 Bxd3 25. Qg4 Bg6 26. Bxc6 Rb2 27. Be4 Qb4 28. Bxg6 hxg6 29. Rce2 Qd4 30. fxg7 Kxg7 31. Qf3 Rxe2 32. Qxe2 Rh8 33. Rd1 Qa4 34. Qf3 c2 35. Rf1 Qd4 36. Be3 Qxe5 37. Bd2 Qd6 38. Bxa5 Qa6 39. Bc3+ Kg8 40. Bxh8 Qxf1+ 41. Kxf1 c1Q+ 42. Kg2 Kxh8 43. Qxf7 Qc2 44. Qxe6 c4 45. Qf6+ Kh7 46. Qf7+ Kh6 47. Qf8+ Kh7 1/2-1/2

[Event "HUN-chT2 Charousek 1112"]
[Site "Hungary"]
[Date "2012.02.19"]
[Round "6"]
[White "Frank, Jozsef1"]
[Black "Albrecht, Gabor"]
[Result "0-1"]
[WhiteElo "2186"]
[BlackElo "2105"]
[PlyCount "76"]
[EventDate "2011.09.25"]
[EventType "team-tourn"]
[EventRounds "11"]
[EventCountry "HUN"]
[SourceTitle "EXT 2013"]
[Source "ChessBase"]
[SourceDate "2012.11.22"]
[SourceVersion "1"]
[SourceVersionDate "2012.11.22"]
[SourceQuality "1"]
[WhiteTeam "Gyor Elektromos"]
[BlackTeam "Fehervar"]
[WhiteTeamCountry "HUN"]
[BlackTeamCountry "HUN"]

1. e4 c5 2. c4 Nc6 3. Nf3 g6 4. d4 cxd4 5. Nxd4 Bg7 6. Be3 Nf6 7. Nc3 0-0 8. Be2 d6 9. Rc1 Bd7 10. f3 Qb8 11. Qd2 Rd8 12. b3 e6 13. Rd1 Be8 14. Ncb5 Nxd4 15. Nxd4 b6 16. a4 d5 17. cxd5 exd5 18. Bf4 Qb7 19. e5 Nh5 20. Bg5 f6 21. Bh4 Rdc8 22. e6 Qc7 23. Ba6 Qe5+ 24. Kf2 Rc5 25. Bg3 Nxg3 26. hxg3 f5 27. Ne2 Rd8 28. Nf4 Qc7 29. Bc4 Bf6 30. Nxd5 Rdxd5 31. e7 Bxe7 32. Bxd5+ Kg7 33. Qh6+ Kf6 34. Qh4+ g5 35. Qxh7 Rc2+ 36. Kg1 Bc5+ 37. Kf1 Rf2+ 38. Ke1 Qe5+ 0-1